| 000 | 00000nam##2200000za#4500 |
| 001 | 9.690610 |
| 003 | CaOODSP |
| 005 | 20210624232413 |
| 007 | cr ||||||||||| |
| 008 | 150407|2007||||xxc|||||o f|0| 0 eng|d |
| 040 | |aCaOODSP|beng |
| 043 | |an-cn--- |
| 086 | 1 |aHS4-44/2007E-PDF |
| 110 | 1 |aCanada.|bHuman Resources and Skills Development Canada. |bFederal Labour Standards Review. |
| 245 | 10|aCan we say whether Canada Millennium Scholarship bursaries have affected post-secondary enrolments? / |h[electronic resource]|c[by] Christine Neill. |
| 260 | |aOttawa - Ontario : |bHuman Resources and Skills Development Canada. |c[2007?]. |
| 300 | |a60p.|bcoloured figs., references, tables |
| 590 | |a08-02-Supp|b2008-04-07 |
| 690 | 07|aScholarships|2gcpds |
| 720 | 1 |aNeill, Christine |
| 775 | 08|tPeut-on dire que les bourses de la Fondation canadienne des bourses du millénaire ont influencé les taux d'inscription au niveau de l'enseignement postsecondaire? / |w(CaOODSP)9.634958 |
| 856 | 40|ahttp://publications.gc.ca|qPDF|s3448 KB|uhttps://publications.gc.ca/collections/collection_2008/hrsdc-rhdsc/HS4-44-2007E.pdf |